Statistics for Geographic Crossword Puzzle

Click here to take the quiz!

General Stats

  • This quiz has been taken 1,280 times
    (1,271 since last reset)
  • The average score is 14 of 22

Answer Stats

Answer% Correct
Stockholm
92%
Italy
89%
England
82%
Oman
79%
Nile
77%
Deutsch
74%
Laos
70%
Chad
66%
Alabama
64%
Zimbabwe
64%
Indonesia
62%
Maori
62%
Switzerland
61%
Florida
59%
Nice
59%
Assad
56%
Orange
54%
Malé
52%
Space Needle
50%
Suva
48%
Yukon
43%
Avarua
11%

Score Distribution

Percentile by Number Answered

Percent of People with Each Score

Your Score History

You have not taken this quiz since the last reset